[Event "Regionalliga Nord-Ost 1819"]
[Site "Bayern"]
[Date "2019.04.07"]
[Round "9.8"]
[White "Woerl, Richard"]
[Black "Bartmann, Florian"]
[Result "1/2-1/2"]
[WhiteElo "1955"]
[BlackElo "1757"]
[PlyCount "75"]
[EventDate "2018.10.21"]
[EventType "team-tourn"]
[EventRounds "9"]
[EventCountry "GER"]
[SourceTitle "EXT 2022"]
[Source "ChessBase"]
[SourceDate "2021.10.06"]
[SourceVersion "1"]
[SourceVersionDate "2021.10.06"]
[SourceQuality "1"]
[WhiteTeam "Nuernberg Sued SW II"]
[BlackTeam "Kelheim SK II"]
[WhiteTeamCountry "GER"]
[BlackTeamCountry "GER"]

1. e4 e5 2. Nf3 Nc6 3. Bc4 Bc5 4. c3 Nf6 5. d3 h6 6. b4 Bd6 7. 0-0 a6 8. a4 Be7 9. Qe2 d6 10. h3 Bd7 11. Na3 Qc8 12. Nh2 g5 13. Nc2 Rg8 14. Ne3 Nd8 15. Nd5 Ne6 16. Ng4 Nxg4 17. hxg4 Nf4 18. Bxf4 gxf4 19. Nxe7 Kxe7 20. f3 h5 21. Qf2 Rg5 22. Qh4 Qg8 23. gxh5 Qg7 24. g4 fxg3 25. f4 exf4 26. Rxf4 f6 27. Raf1 Rf8 28. h6 Qg6 29. h7 g2 30. R1f2 Rh5 31. h8Q Rfxh8 32. Qxf6+ Qxf6 33. Rxf6 Rh1+ 34. Kxg2 R8h2+ 35. Kg3 Rh3+ 36. Kg2 R3h2+ 37. Kg3 Rh3+ 38. Kg2 1/2-1/2

[Event "Regionalliga Nord-Ost 1819"]
[Site "Bayern"]
[Date "2019.03.24"]
[Round "8.7"]
[White "Woerl, Richard"]
[Black "Walter, Thomas"]
[Result "1-0"]
[WhiteElo "1955"]
[BlackElo "2053"]
[PlyCount "121"]
[EventDate "2018.10.21"]
[EventType "team-tourn"]
[EventRounds "9"]
[EventCountry "GER"]
[SourceTitle "EXT 2022"]
[Source "ChessBase"]
[SourceDate "2021.10.06"]
[SourceVersion "1"]
[SourceVersionDate "2021.10.06"]
[SourceQuality "1"]
[WhiteTeam "Nuernberg Sued SW II"]
[BlackTeam "Erlangen SC II"]
[WhiteTeamCountry "GER"]
[BlackTeamCountry "GER"]

1. e4 c5 2. Nf3 g6 3. d4 cxd4 4. Nxd4 Nf6 5. Bd3 Nc6 6. Nxc6 bxc6 7. c4 Bg7 8. Nc3 d6 9. 0-0 0-0 10. h3 Nd7 11. Be3 Qa5 12. Qd2 Nc5 13. Bc2 Rb8 14. Bb3 Bxc3 15. bxc3 Nxe4 16. Qd4 Nxc3 17. Kh1 Ne2 18. Qb2 Qh5 19. Kh2 e5 20. Rae1 Nf4 21. Bxf4 exf4 22. Qd4 g5 23. Qxd6 Bg4 24. f3 Be6 25. Rxe6 fxe6 26. c5 Rxb3 27. axb3 Qe8 28. Ra1 Rf7 29. Ra6 Qd7 30. Rxc6 Qxd6 31. Rxd6 Rc7 32. Rxe6 Rxc5 33. Re7 a5 34. h4 gxh4 35. Kh3 Rb5 36. Ra7 h5 37. Kxh4 Kf8 38. Kh3 Ke8 39. Kh2 Kd8 40. Rf7 Rxb3 41. Rxf4 Rb5 42. Rf7 a4 43. Ra7 Rb4 44. Kh3 Ke8 45. g3 Rb3 46. f4 a3 47. Ra5 Kf7 48. Rxh5 a2 49. Ra5 Rb2 50. Kh4 Rh2+ 51. Kg5 Rd2 52. f5 Ke7 53. g4 Rg2 54. Ra6 Kf7 55. Ra7+ Ke8 56. Kh5 Rf2 57. Kg6 Re2 58. f6 Rf2 59. g5 Kd8 60. f7 Kc8 61. Rxa2 1-0

[Event "Regionalliga Nord-Ost 1819"]
[Site "Bayern"]
[Date "2019.01.20"]
[Round "5.8"]
[White "Woerl, Richard"]
[Black "Renner, Christian"]
[Result "1/2-1/2"]
[WhiteElo "1955"]
[BlackElo "1865"]
[PlyCount "55"]
[EventDate "2018.10.21"]
[EventType "team-tourn"]
[EventRounds "9"]
[EventCountry "GER"]
[SourceTitle "EXT 2022"]
[Source "ChessBase"]
[SourceDate "2021.10.06"]
[SourceVersion "1"]
[SourceVersionDate "2021.10.06"]
[SourceQuality "1"]
[WhiteTeam "Nuernberg Sued SW II"]
[BlackTeam "Nuernberg NT III"]
[WhiteTeamCountry "GER"]
[BlackTeamCountry "GER"]

1. e4 c5 2. Nf3 Nc6 3. d4 cxd4 4. Nxd4 Nf6 5. Nc3 e5 6. Ndb5 d6 7. Bg5 a6 8. Na3 b5 9. Nd5 Be7 10. Bxf6 Bxf6 11. c3 Bg5 12. Be2 0-0 13. Nc2 Be6 14. 0-0 Ne7 15. Ncb4 a5 16. Nc2 Nxd5 17. exd5 Bd7 18. Na3 Rb8 19. Nc2 f5 20. f3 Qb6+ 21. Kh1 Qc5 22. Qd3 Rfc8 23. g3 Bf6 24. Rab1 g6 25. Kg2 Be8 26. a3 Bf7 27. Rbd1 Bg7 28. Rfe1 1/2-1/2

[Event "Regionalliga Nord-Ost 1819"]
[Site "Bayern"]
[Date "2018.11.25"]
[Round "3.5"]
[White "Woerl, Richard"]
[Black "Schoen, Rudolf"]
[Result "0-1"]
[WhiteElo "1955"]
[BlackElo "1938"]
[PlyCount "108"]
[EventDate "2018.10.21"]
[EventType "team-tourn"]
[EventRounds "9"]
[EventCountry "GER"]
[SourceTitle "EXT 2022"]
[Source "ChessBase"]
[SourceDate "2021.10.06"]
[SourceVersion "1"]
[SourceVersionDate "2021.10.06"]
[SourceQuality "1"]
[WhiteTeam "Nuernberg Sued SW II"]
[BlackTeam "Windischeschenbach"]
[WhiteTeamCountry "GER"]
[BlackTeamCountry "GER"]

1. e4 c5 2. Nf3 Nc6 3. d4 cxd4 4. Nxd4 g6 5. Bc4 Bg7 6. Nxc6 bxc6 7. 0-0 Nf6 8. Nc3 0-0 9. Be3 Nxe4 10. Nxe4 d5 11. Bd4 dxc4 12. Bxg7 Kxg7 13. Qe2 Be6 14. Rfd1 Qa5 15. Qe3 Qe5 16. Nc5 Qxe3 17. fxe3 Rfd8 18. Nxe6+ fxe6 19. Kf2 Kf6 20. Rd4 Rab8 21. b3 Rxd4 22. exd4 e5 23. Rd1 Ke6 24. dxe5 Rb5 25. Rd4 cxb3 26. axb3 Rc5 27. c4 a5 28. Rh4 h5 29. g4 Rxe5 30. gxh5 Rxh5 31. Re4+ Kd6 32. Kg3 e5 33. Rg4 g5 34. Re4 Ke6 35. Re2 Rh8 36. Ra2 Rb8 37. Kg4 Rxb3 38. Rxa5 Rc3 39. Kxg5 Rxc4 40. h4 Rc1 41. h5 Rg1+ 42. Kh6 e4 43. Rc5 Kd6 44. Rc2 e3 45. Kh7 Kd5 46. h6 c5 47. Kh8 Kd4 48. h7 Rh1 49. Kg7 c4 50. Rc1 Rxh7+ 51. Kxh7 e2 52. Kg6 Kd3 53. Kf5 c3 54. Rh1 c2 0-1

[Event "Regionalliga Nord-Ost 1718"]
[Site "Bayern"]
[Date "2018.02.04"]
[Round "6.3"]
[White "Woerl, Richard"]
[Black "Illetsko, Jaroslav"]
[Result "0-1"]
[WhiteElo "2010"]
[BlackElo "2113"]
[PlyCount "86"]
[EventDate "2017.10.22"]
[EventType "team-tourn"]
[EventRounds "9"]
[EventCountry "GER"]
[SourceTitle "EXT 2022"]
[Source "ChessBase"]
[SourceDate "2021.10.06"]
[SourceVersion "1"]
[SourceVersionDate "2021.10.06"]
[SourceQuality "1"]
[WhiteTeam "Nuernberg Sued SW II"]
[BlackTeam "Windischeschenbach"]
[WhiteTeamCountry "GER"]
[BlackTeamCountry "GER"]

1. e4 g6 2. d4 Bg7 3. c3 d5 4. e5 f6 5. f4 Nh6 6. Nf3 0-0 7. Bd3 Bg4 8. Nbd2 fxe5 9. fxe5 Nf5 10. Qe2 c5 11. Bxf5 Rxf5 12. Qb5 Qc7 13. 0-0 e6 14. h3 a6 15. Qe2 Bxf3 16. Nxf3 Nc6 17. Be3 cxd4 18. cxd4 Raf8 19. Ng5 Qe7 20. Nf3 Qc7 21. Qd2 Qb6 22. Rf2 Qd8 23. Raf1 Qe7 24. a3 Qd8 25. Nh2 Qh4 26. Rf4 Rxf4 27. Rxf4 Rxf4 28. Bxf4 g5 29. Be3 h6 30. Ng4 Qh5 31. Qf2 Qg6 32. Qd2 Qb1+ 33. Kh2 Qf5 34. Kg1 Kh7 35. Nf2 Kg6 36. Nd3 Bf8 37. b4 Qe4 38. Kh2 Nxd4 39. Qf2 Nf5 40. g4 Qxd3 41. gxf5+ Qxf5 42. Qg3 Bg7 43. Bd4 Qf4 0-1

[Event "Regionalliga Nord-Ost 1718"]
[Site "Bayern"]
[Date "2017.12.10"]
[Round "4.3"]
[White "Woerl, Richard"]
[Black "Votruba, Pavel"]
[Result "1/2-1/2"]
[WhiteElo "2010"]
[BlackElo "2146"]
[PlyCount "66"]
[EventDate "2017.10.22"]
[EventType "team-tourn"]
[EventRounds "9"]
[EventCountry "GER"]
[SourceTitle "EXT 2022"]
[Source "ChessBase"]
[SourceDate "2021.10.06"]
[SourceVersion "1"]
[SourceVersionDate "2021.10.06"]
[SourceQuality "1"]
[WhiteTeam "Nuernberg Sued SW II"]
[BlackTeam "Schwandorf"]
[WhiteTeamCountry "GER"]
[BlackTeamCountry "GER"]

1. e4 e6 2. d4 c5 3. c3 d5 4. exd5 exd5 5. Nf3 Nc6 6. Be2 Bd6 7. 0-0 Nge7 8. Nbd2 cxd4 9. Nxd4 Nxd4 10. cxd4 0-0 11. Nf3 Qb6 12. Rb1 Bg4 13. h3 Bh5 14. Re1 Rfe8 15. Nh4 Bxe2 16. Rxe2 Ng6 17. Nf5 Bc7 18. Qe1 Rxe2 19. Qxe2 Qe6 20. Qxe6 fxe6 21. Ng3 Bb6 22. Ne2 Rc8 23. Kf1 Kf7 24. Bd2 Nh4 25. Rc1 Rxc1+ 26. Bxc1 Nf5 27. Be3 Nd6 28. Ke1 a6 29. b3 Nf5 30. Kd2 Nh4 31. g3 Nf5 32. Kd3 Ba5 33. Bd2 Bb6 1/2-1/2

[Event "Regionalliga NO 1617"]
[Site "Bayern"]
[Date "2017.02.05"]
[Round "5.3"]
[White "Roeder, Gerd"]
[Black "Woerl, Richard"]
[Result "0-1"]
[WhiteElo "2076"]
[BlackElo "2042"]
[PlyCount "114"]
[EventDate "2016.10.16"]
[EventType "team-tourn"]
[EventRounds "9"]
[EventCountry "GER"]
[SourceTitle "EXT 2019"]
[Source "ChessBase"]
[SourceDate "2018.10.10"]
[SourceVersion "1"]
[SourceVersionDate "2018.10.10"]
[SourceQuality "1"]
[WhiteTeam "Altensittenbach"]
[BlackTeam "Nuernberg Sued SW II"]
[WhiteTeamCountry "GER"]
[BlackTeamCountry "GER"]

1. e4 c5 2. c3 e6 3. d4 cxd4 4. cxd4 Bb4+ 5. Bd2 Qe7 6. Bxb4 Qxb4+ 7. Qd2 Nc6 8. Nf3 Nf6 9. Nc3 d5 10. a3 Qa5 11. e5 Nd7 12. Bd3 f6 13. exf6 Nxf6 14. 0-0 0-0 15. b4 Qd8 16. b5 Na5 17. Qc2 Bd7 18. Rfe1 Rc8 19. Rac1 Nc4 20. a4 Nd6 21. Ng5 h6 22. Nxe6 Bxe6 23. Rxe6 Nde4 24. Qb2 Qd7 25. Re5 Qd6 26. Nxd5 Nxd5 27. Bxe4 Nf4 28. Rxc8 Rxc8 29. g3 Rc1+ 30. Qxc1 Ne2+ 31. Kf1 Nxc1 32. Bd5+ Kh7 33. h4 Qa3 34. Be4+ g6 35. h5 Nd3 36. Bxg6+ Kg7 37. Re3 Qa1+ 38. Kg2 Ne1+ 39. Kh2 Qb2 40. Kh3 Qb4 41. Re5 Nf3 42. Rd5 Ng5+ 43. Kg2 Qxa4 44. Rd7+ Kf6 45. Rxb7 Qxd4 46. Rc7 Qd5+ 47. Kh2 Qxb5 48. Rxa7 Qf1 49. Ra3 Qxf2+ 50. Kh1 Qf1+ 51. Kh2 Nf3+ 52. Rxf3+ Qxf3 53. Kh3 Kg5 54. Kh2 Kg4 55. Kg1 Kxg3 56. Be4 Qf2+ 57. Kh1 Qh2# 0-1

[Event "Bayern-chI Bank Hofmann 20th"]
[Site "Bad Wiessee"]
[Date "2016.11.04"]
[Round "7"]
[White "Humburg, Philipp"]
[Black "Woerl, Richard"]
[Result "1/2-1/2"]
[WhiteElo "2226"]
[BlackElo "2038"]
[PlyCount "75"]
[EventDate "2016.10.29"]
[EventType "swiss"]
[EventRounds "9"]
[EventCountry "GER"]
[SourceTitle "EXT 2018"]
[Source "ChessBase"]
[SourceDate "2017.10.13"]
[SourceVersion "1"]
[SourceVersionDate "2017.10.13"]
[SourceQuality "1"]

1. c4 e5 2. Nc3 Nf6 3. g3 d5 4. cxd5 Nxd5 5. Bg2 Nb6 6. Nf3 Nc6 7. 0-0 Be7 8. d3 Bg4 9. a3 Qd7 10. b4 a6 11. Ne4 Rd8 12. Bb2 f6 13. Nc5 Bxc5 14. bxc5 Nd5 15. Qb3 Na5 16. Qc2 Bh3 17. d4 Bxg2 18. Kxg2 exd4 19. Nxd4 Qg4 20. e3 0-0 21. h3 Qd7 22. Rad1 Qf7 23. Rc1 f5 24. Qa4 Nc6 25. Nxc6 bxc6 26. Qxc6 Qe7 27. Qa4 f4 28. exf4 Ne3+ 29. fxe3 Rd2+ 30. Rf2 Qxe3 31. Rcf1 Rfd8 32. Qc4+ Kf8 33. Bc1 R8d3 34. Kh1 Qxg3 35. Qe6 Rxf2 36. Qf5+ Kg8 37. Qe6+ Kf8 38. Qf5+ 1/2-1/2

[Event "Pyramiden Franken Cup"]
[Site "Fuerth"]
[Date "2016.09.03"]
[Round "4"]
[White "Walter, Stefan"]
[Black "Woerl, Richard"]
[Result "1/2-1/2"]
[WhiteElo "1934"]
[BlackElo "2050"]
[PlyCount "96"]
[EventDate "2016.09.01"]
[EventType "swiss"]
[EventRounds "7"]
[EventCountry "GER"]
[SourceTitle "CBM 174 Extra"]
[Source "ChessBase"]
[SourceDate "2016.10.10"]
[SourceVersion "1"]
[SourceVersionDate "2016.10.10"]
[SourceQuality "1"]

1. e4 c5 2. Nf3 Nc6 3. Bb5 g6 4. 0-0 Bg7 5. Nc3 Nd4 6. Ba4 a6 7. d3 b5 8. Bb3 Nxb3 9. axb3 Bb7 10. e5 d5 11. exd6 Qxd6 12. Ne4 Bxe4 13. dxe4 Qc6 14. e5 Rd8 15. Qe2 Bh6 16. Be3 e6 17. Rfd1 Rd5 18. c4 bxc4 19. bxc4 Rxd1+ 20. Rxd1 Bxe3 21. Qxe3 Ne7 22. h3 Nf5 23. Qb3 0-0 24. Qd3 Rb8 25. b3 Qb6 26. g4 Nd4 27. Nxd4 cxd4 28. Qxd4 Qxd4 29. Rxd4 Rxb3 30. Rd8+ Kg7 31. Kg2 Rc3 32. Ra8 Rxc4 33. Rxa6 Rc5 34. f4 g5 35. fxg5 Rxe5 36. h4 Re3 37. Ra4 h6 38. gxh6+ Kxh6 39. Rf4 Kg6 40. Kh2 f5 41. gxf5+ exf5 42. Kg2 Kf6 43. Rf3 Re4 44. h5 Re7 45. h6 Kg5 46. Rh3 Rh7 47. Kf3 f4 48. Rh1 Rxh6 1/2-1/2

[Event "Pyramiden Franken Cup"]
[Site "Fuerth"]
[Date "2016.09.01"]
[Round "1"]
[White "Woerl, Richard"]
[Black "Hirn, Thomas"]
[Result "1-0"]
[WhiteElo "2050"]
[BlackElo "1734"]
[PlyCount "65"]
[EventDate "2016.09.01"]
[EventType "swiss"]
[EventRounds "7"]
[EventCountry "GER"]
[SourceTitle "CBM 174 Extra"]
[Source "ChessBase"]
[SourceDate "2016.10.10"]
[SourceVersion "1"]
[SourceVersionDate "2016.10.10"]
[SourceQuality "1"]

1. e4 c5 2. Nf3 e6 3. d4 cxd4 4. Nxd4 a6 5. Be2 Nc6 6. 0-0 Qc7 7. c3 Nf6 8. Nxc6 bxc6 9. Bd3 Bb7 10. Qe2 Be7 11. Bg5 d6 12. Nd2 h6 13. Bh4 e5 14. Bg3 0-0 15. f4 Nd7 16. Nc4 Bf6 17. Qh5 Rae8 18. Rae1 Nb6 19. fxe5 Bxe5 20. Bxe5 dxe5 21. Ne3 Bc8 22. Rf3 Be6 23. Rg3 Kh7 24. Be2 Nd7 25. Rf1 g6 26. Qf3 f6 27. Ng4 h5 28. Ne3 h4 29. Rg4 Bxg4 30. Qxg4 g5 31. Qh5+ Kg7 32. Nf5+ Kg8 33. Qg6+ 1-0

[Event "Regionalliga NO 1516"]
[Site "Bayern"]
[Date "2016.01.31"]
[Round "6.3"]
[White "Endres, Christian"]
[Black "Woerl, Richard"]
[Result "1/2-1/2"]
[WhiteElo "2082"]
[BlackElo "2001"]
[PlyCount "33"]
[EventDate "2015.10.11"]
[EventType "team-tourn"]
[EventRounds "9"]
[EventCountry "GER"]
[SourceTitle "EXT 2018"]
[Source "ChessBase"]
[SourceDate "2017.10.13"]
[SourceVersion "1"]
[SourceVersionDate "2017.10.13"]
[SourceQuality "1"]
[WhiteTeam "Altensittenbach"]
[BlackTeam "Nuernberg Sued SW II"]
[WhiteTeamCountry "GER"]
[BlackTeamCountry "GER"]

1. Nf3 Nf6 2. c4 e6 3. g3 b6 4. Bg2 Bb7 5. 0-0 c5 6. Nc3 a6 7. Re1 Be7 8. e4 d6 9. d4 cxd4 10. Nxd4 Qc7 11. Bg5 Nbd7 12. Rc1 h6 13. Be3 Ne5 14. b3 Nfg4 15. Bf4 g5 16. Bxe5 Nxe5 17. Bh3 1/2-1/2

[Event "Pyramiden Franken Cup"]
[Site "Fuerth"]
[Date "2015.09.05"]
[Round "5"]
[White "Woerl, Richard"]
[Black "Heimrath, Reiner"]
[Result "0-1"]
[WhiteElo "2047"]
[BlackElo "2191"]
[PlyCount "70"]
[EventDate "2015.09.03"]
[EventType "swiss"]
[EventRounds "7"]
[EventCountry "GER"]
[SourceTitle "EXT 2016"]
[Source "ChessBase"]
[SourceDate "2015.10.08"]
[SourceVersion "1"]
[SourceVersionDate "2015.10.08"]
[SourceQuality "1"]

1. e4 d6 2. Be2 e5 3. c3 Nf6 4. d3 c5 5. Na3 Nc6 6. f4 d5 7. fxe5 Nxe5 8. d4 cxd4 9. cxd4 Bb4+ 10. Kf1 Nc6 11. e5 Ne4 12. Nf3 f6 13. Nc2 Be7 14. Ne3 Be6 15. Bd2 0-0 16. exf6 Bxf6 17. Bc3 Bg5 18. Qd3 Bf4 19. Ke1 Qf6 20. Rf1 Bxh2 21. Kd1 Bf4 22. Ne5 Qg5 23. Bg4 Bxg4+ 24. N3xg4 h5 25. Nf2 Nxf2+ 26. Rxf2 Bxe5 27. Rxf8+ Rxf8 28. dxe5 Qxg2 29. Rc1 Nxe5 30. Qe3 Nc4 31. Qe6+ Kh7 32. Rc2 Rf1+ 33. Be1 Nxb2+ 34. Kc1 Rxe1+ 35. Kxb2 Qxc2+ 0-1

[Event "Pyramiden Franken Cup"]
[Site "Fuerth"]
[Date "2015.09.04"]
[Round "2"]
[White "Siewert, Wolfgang"]
[Black "Woerl, Richard"]
[Result "1/2-1/2"]
[WhiteElo "1759"]
[BlackElo "2047"]
[PlyCount "56"]
[EventDate "2015.09.03"]
[EventType "swiss"]
[EventRounds "7"]
[EventCountry "GER"]
[SourceTitle "EXT 2016"]
[Source "ChessBase"]
[SourceDate "2015.10.08"]
[SourceVersion "1"]
[SourceVersionDate "2015.10.08"]
[SourceQuality "1"]

1. e4 c5 2. Nf3 Nc6 3. Nc3 e6 4. d4 cxd4 5. Nxd4 a6 6. Be2 Bc5 7. Be3 Qb6 8. Na4 Qa5+ 9. c3 Bxd4 10. Bxd4 Nxd4 11. Qxd4 e5 12. Qb4 Qxb4 13. cxb4 b5 14. Nc3 Bb7 15. 0-0 Ne7 16. a4 bxa4 17. Rxa4 0-0 18. Rfa1 f5 19. b5 axb5 20. Rxa8 Rxa8 21. Rxa8+ Bxa8 22. Bxb5 d6 23. f3 fxe4 24. fxe4 Kf7 25. Bc4+ Ke8 26. Nd5 Bxd5 27. exd5 Kd7 28. Kf2 Nc8 1/2-1/2

[Event "Regionalliga NO 1415"]
[Site "Bayern"]
[Date "2014.12.07"]
[Round "4.7"]
[White "Stephan, Michael"]
[Black "Woerl, Richard"]
[Result "1/2-1/2"]
[WhiteElo "1991"]
[BlackElo "2001"]
[PlyCount "136"]
[EventDate "2014.10.19"]
[EventType "team-tourn"]
[EventRounds "9"]
[EventCountry "GER"]
[SourceTitle "EXT 2018"]
[Source "ChessBase"]
[SourceDate "2017.10.13"]
[SourceVersion "1"]
[SourceVersionDate "2017.10.13"]
[SourceQuality "1"]
[WhiteTeam "Forchheim II"]
[BlackTeam "Nuernberg Sued SW II"]
[WhiteTeamCountry "GER"]
[BlackTeamCountry "GER"]

1. e4 c5 2. Nf3 Nc6 3. d4 cxd4 4. Nxd4 e5 5. Nb3 Nf6 6. Qe2 d5 7. exd5 Nxd5 8. Bd2 Bf5 9. c3 Be7 10. g3 0-0 11. Bg2 Qd7 12. 0-0 Bh3 13. Qb5 Bxg2 14. Kxg2 f5 15. Na3 f4 16. f3 a6 17. Qe2 Rae8 18. Rad1 Qf5 19. Bc1 Nf6 20. Nc4 Rd8 21. Nba5 Nxa5 22. Nxa5 fxg3 23. hxg3 Rxd1 24. Qxd1 e4 25. Nxb7 Qe6 26. Qb3 Nd5 27. Qc2 exf3+ 28. Rxf3 Rxf3 29. Kxf3 Qh3 30. Bf4 Qf1+ 31. Qf2 Qd3+ 32. Kg2 Nxf4+ 33. Qxf4 Qb5 34. Qb8+ Bf8 35. Qc8 Qxb2+ 36. Kh3 Qxa2 37. c4 Qe2 38. Nd8 Qe8 39. c5 Bxc5 40. Qxc5 Qxd8 41. Qc4+ Kf8 42. Qxa6 Qd7+ 43. Kh2 Qd2+ 44. Kh3 Ke7 45. Qa3+ Qd6 46. Qc3 Qe6+ 47. Kh2 Kf7 48. Qc2 h5 49. Qc7+ Kg6 50. Qf4 Qf5 51. Qd6+ Qf6 52. Qd3+ Kh6 53. Qe3+ g5 54. Qd2 Qe5 55. Qf2 Kg7 56. Qd2 h4 57. Qd7+ Kh6 58. Qc6+ Kh5 59. Qf3+ Kg6 60. Qc6+ Kf5 61. Qc2+ Kf6 62. Qc6+ Kg7 63. Qd7+ Kh6 64. Qc6+ Kh5 65. Qf3+ g4 66. Qf7+ Kh6 67. Qf8+ Kh7 68. Qf7+ Kh6 1/2-1/2

[Event "Nuremberg Zabo op 16th"]
[Site "Nuremberg"]
[Date "2014.09.21"]
[Round "5"]
[White "Nuesslein, Christian"]
[Black "Woerl, Richard"]
[Result "0-1"]
[WhiteElo "1611"]
[BlackElo "1989"]
[PlyCount "66"]
[EventDate "2014.09.19"]
[EventType "swiss"]
[EventRounds "5"]
[EventCountry "GER"]
[SourceTitle "EXT 2018"]
[Source "ChessBase"]
[SourceDate "2017.10.13"]
[SourceVersion "1"]
[SourceVersionDate "2017.10.13"]
[SourceQuality "1"]

1. b4 d5 2. Bb2 Bf5 3. e3 Nd7 4. c4 e6 5. b5 Ngf6 6. cxd5 exd5 7. Be2 Bd6 8. d3 c5 9. g4 Be6 10. g5 Ng8 11. Bxg7 Be5 12. Bxh8 Bxh8 13. d4 cxd4 14. exd4 Qb6 15. Nf3 Bg4 16. Nbd2 Ne7 17. Rg1 Bh5 18. Rg3 Nf5 19. Rh3 Bg6 20. Nb3 Kf8 21. Rc1 Re8 22. Kf1 Qe6 23. Qd2 Ne3+ 24. fxe3 Qxh3+ 25. Kg1 Bh5 26. Rf1 Nb6 27. Qb4+ Kg8 28. Qd2 Nc4 29. Bxc4 dxc4 30. Na5 Bxf3 31. Nxc4 Bd5 32. Nd6 Bxd4 33. exd4 Qg4+ 0-1

[Event "Nuremberg Zabo op 16th"]
[Site "Nuremberg"]
[Date "2014.09.20"]
[Round "3"]
[White "Promyshlyanskiy, Vitaliy"]
[Black "Woerl, Richard"]
[Result "1-0"]
[WhiteElo "2192"]
[BlackElo "1989"]
[PlyCount "59"]
[EventDate "2014.09.19"]
[EventType "swiss"]
[EventRounds "5"]
[EventCountry "GER"]
[SourceTitle "EXT 2018"]
[Source "ChessBase"]
[SourceDate "2017.10.13"]
[SourceVersion "1"]
[SourceVersionDate "2017.10.13"]
[SourceQuality "1"]

1. e4 c5 2. Nc3 d6 3. f4 Nc6 4. Nf3 e6 5. Bb5 Bd7 6. 0-0 Be7 7. a4 Nf6 8. d3 0-0 9. Bd2 Rc8 10. Qe1 Nd4 11. Bxd7 Nxd7 12. Rc1 Bf6 13. Nd1 c4 14. Ba5 b6 15. Bc3 Nxf3+ 16. Rxf3 cxd3 17. cxd3 Nc5 18. Ra1 Nb3 19. Ra3 Nd4 20. Rf2 b5 21. Ne3 h5 22. Qd1 g6 23. Ra1 Rc6 24. f5 Bg7 25. f6 Bxf6 26. axb5 Rxc3 27. bxc3 Nxb5 28. d4 Nxc3 29. Qd3 Qb6 30. Rxf6 1-0

[Event "Bad Woerishofen op 30th"]
[Site "Bad Woerishofen"]
[Date "2014.03.23"]
[Round "9"]
[White "Zuse, Peter"]
[Black "Woerl, Richard"]
[Result "1-0"]
[WhiteElo "2262"]
[BlackElo "2047"]
[PlyCount "47"]
[EventDate "2014.03.21"]
[EventType "swiss"]
[EventRounds "9"]
[EventCountry "GER"]
[SourceTitle "CBM 159 Extra"]
[Source "ChessBase"]
[SourceDate "2014.04.24"]
[SourceVersion "1"]
[SourceVersionDate "2014.04.24"]
[SourceQuality "1"]

1. g3 d5 2. Bg2 e5 3. c4 d4 4. d3 c6 5. Nf3 Qc7 6. 0-0 Bg4 7. e3 dxe3 8. Bxe3 Nd7 9. Nc3 Ngf6 10. d4 e4 11. Bf4 Bd6 12. Bxd6 Qxd6 13. Re1 0-0-0 14. Nxe4 Nxe4 15. Rxe4 f5 16. Re3 Nc5 17. Qc2 Ne4 18. d5 Rhe8 19. dxc6 Qxc6 20. Rae1 Qc5 21. Ng5 Rd2 22. Qxd2 Nxd2 23. Rxe8+ Kd7 24. Rd8+ 1-0

[Event "Regionalliga NO 1314"]
[Site "Bayern"]
[Date "2014.03.16"]
[Round "8.6"]
[White "Woerl, Richard"]
[Black "Albrecht, Hans"]
[Result "1/2-1/2"]
[WhiteElo "1988"]
[BlackElo "2018"]
[PlyCount "47"]
[EventDate "2013.10.13"]
[EventType "team-tourn"]
[EventRounds "9"]
[EventCountry "GER"]
[SourceTitle "EXT 2015"]
[Source "ChessBase"]
[SourceDate "2014.11.20"]
[SourceVersion "1"]
[SourceVersionDate "2014.11.20"]
[SourceQuality "1"]
[WhiteTeam "Nuernberg Sued SW II"]
[BlackTeam "Altensittenbach"]
[WhiteTeamCountry "GER"]
[BlackTeamCountry "GER"]

1. e4 e6 2. d4 d5 3. exd5 exd5 4. Nf3 Bd6 5. Be2 c6 6. 0-0 Ne7 7. c4 0-0 8. Nc3 dxc4 9. Bxc4 Nd7 10. Ne4 Nb6 11. Bd3 Bf5 12. Nfg5 h6 13. Nf3 Nbd5 14. Nh4 Bxe4 15. Bxe4 Bf4 16. g3 Bxc1 17. Rxc1 Qd6 18. Re1 Rad8 19. Bb1 Rd7 20. Rc2 Rfd8 21. Rce2 g6 22. Re5 Kg7 23. Qe2 Ng8 24. Qd3 1/2-1/2

[Event "Regionalliga NO 1314"]
[Site "Bayern"]
[Date "2013.12.15"]
[Round "4.6"]
[White "Rieger, Martin"]
[Black "Woerl, Richard"]
[Result "1/2-1/2"]
[WhiteElo "1972"]
[BlackElo "1988"]
[PlyCount "101"]
[EventDate "2013.10.13"]
[EventType "team-tourn"]
[EventRounds "9"]
[EventCountry "GER"]
[SourceTitle "EXT 2015"]
[Source "ChessBase"]
[SourceDate "2014.11.20"]
[SourceVersion "1"]
[SourceVersionDate "2014.11.20"]
[SourceQuality "1"]
[WhiteTeam "Schwandorf"]
[BlackTeam "Nuernberg Sued SW II"]
[WhiteTeamCountry "GER"]
[BlackTeamCountry "GER"]

1. d4 Nf6 2. Nf3 b6 3. e3 Bb7 4. Bd3 e6 5. b3 Be7 6. Nbd2 d5 7. Ne5 0-0 8. f4 c5 9. Qf3 cxd4 10. exd4 Qc7 11. 0-0 Ba6 12. c4 Nbd7 13. Bb2 Bb4 14. Rad1 Bb7 15. Qg3 Rad8 16. Ndf3 Bd6 17. Qh3 dxc4 18. bxc4 Be4 19. Ng5 Bxd3 20. Rxd3 Rde8 21. Nxd7 Qxd7 22. d5 exd5 23. Nxh7 Qxh3 24. Nxf6+ gxf6 25. Rxh3 Bc5+ 26. Kh1 d4 27. Rd3 Re4 28. g3 Rfe8 29. Kg1 f5 30. Rfd1 Rd8 31. Kf2 Kh7 32. Kf3 Kg6 33. g4 Rde8 34. Bc1 Rh8 35. Rg1 Rh3+ 36. Rg3 Rxg3+ 37. hxg3 Re1 38. gxf5+ Kxf5 39. g4+ Kf6 40. Bb2 Rf1+ 41. Ke4 Rf2 42. Bxd4+ Bxd4 43. Rxd4 Rxa2 44. Rd6+ Ke7 45. Rc6 Kd7 46. Rf6 Re2+ 47. Kd4 Ke7 48. g5 Rb2 49. Kc3 Rb1 50. Kc2 Rb4 51. Kc3 1/2-1/2

[Event "Regionalliga NO 1314"]
[Site "Bayern"]
[Date "2013.10.13"]
[Round "1.8"]
[White "Woerl, Richard"]
[Black "Koschka, Guenther"]
[Result "1/2-1/2"]
[WhiteElo "1988"]
[BlackElo "1825"]
[PlyCount "74"]
[EventDate "2013.10.13"]
[EventType "team-tourn"]
[EventRounds "9"]
[EventCountry "GER"]
[SourceTitle "EXT 2015"]
[Source "ChessBase"]
[SourceDate "2014.11.20"]
[SourceVersion "1"]
[SourceVersionDate "2014.11.20"]
[SourceQuality "1"]
[WhiteTeam "Nuernberg Sued SW II"]
[BlackTeam "Fuerth SF"]
[WhiteTeamCountry "GER"]
[BlackTeamCountry "GER"]

1. e4 e5 2. Nf3 d6 3. d4 exd4 4. Nxd4 Nf6 5. Nc3 Be7 6. Bc4 0-0 7. 0-0 a6 8. a4 Bd7 9. h3 Qc8 10. Qf3 Nc6 11. Nxc6 Bxc6 12. Re1 Nd7 13. Qg3 Ne5 14. Bd5 Bf6 15. Bg5 Qd8 16. Bxf6 Qxf6 17. Bxc6 bxc6 18. b3 Rfe8 19. Re3 Ng6 20. Rae1 Re5 21. Qg4 Rg5 22. e5 Nxe5 23. Qe2 Qf5 24. Kh1 Rg6 25. Ne4 h6 26. Ng3 Qg5 27. Rf1 Qh4 28. Re4 Qg5 29. h4 Qd8 30. Qh5 Qd7 31. Nf5 Rf6 32. Ne3 Re6 33. Re1 Ng6 34. Nf5 Rxe4 35. Rxe4 Re8 36. Qe2 Rxe4 37. Qxe4 Qe6 1/2-1/2